| 000 | 00900nam a2200253 c 4500 | ||
|---|---|---|---|
| 999 |
_c342712 _d342712 |
||
| 003 | BLK | ||
| 005 | 20190924094446.0 | ||
| 008 | 180911b bul|||||r ||||||| ||bul|| | ||
| 010 | _a002366 | ||
| 040 | _aBLK | ||
| 041 |
_aBUL _cBUL |
||
| 080 | _z886.7-8 | ||
| 100 | 1 |
_eпърви автор _9396670 |
|
| 245 | 1 | 0 |
_aСтаробългарска литература _nКн. 1 |
| 246 |
_aИзследване и материали : Кн. 1- _bСТАРОБЪЛГАРСКА литература |
||
| 260 |
_aСофия _bБАН _c1971 _g1971 |
||
| 300 |
_a500 с. : с факс., 1 л. : табл _c24 см |
||
| 380 | _a82 | ||
| 490 |
_aЧастна колекция - Академик Михаил Арнаудов _gДарение - Основен фонд |
||
| 650 |
_aКритика _9159735 |
||
| 655 |
_aбългарско литературознание _9396216 |
||
| 852 |
_aМА 155 _bМА |
||
| 942 |
_cKNG _n0 _s1 |
||
| 944 |
_aCR _c1995 _kValK |
||
| 999 | _d342712 | ||